| 000 | 00654nam a2200193 i 4500 | ||
|---|---|---|---|
| 001 | 29284 | ||
| 003 | ES-MaACL | ||
| 005 | 20230906154014.0 | ||
| 007 | t| | ||
| 008 | 030121s1857 fr ||||1| fre d | ||
| 100 | 1 |
_aBalzac, Honoré de, _d1799-1850 _925139 |
|
| 245 | 1 | 0 |
_aScénes de la vie de province _b: Les parisiens en province ; L'Ilustre Gaudissart ; La muse du département / _cHonoré de Balzac. |
| 260 |
_aParís : _b[s.n., _c1857] ( _fImp. de la Lib. Nouvelle, A. Delcambre) |
||
| 300 |
_a308 p. ; _c17 cm. |
||
| 740 | 2 | _aL'Illustre Gaudissart. | |
| 740 | 3 | _aLa muse du département. | |
| 852 |
_aES-MaACL _jG-13560 |
||
| 999 |
_c29284 _d29284 |
||